000
00295nam a2200109Ia 4500
008
200302s9999 xx 000 0 und d
100
_a
John L.Alden
245
_a
Design Of Industrial Ventilation Systems -- 5Th Edition
260
_b
Industrial Press Inc. New York
260
_c
1982
300
_a
281
999
_c
4637
_d
4637